书目信息

书名: 输电线路停电安装线路型避雷器 
作者: 李功新 主编
出版信息: 北京   中国电力出版社  2013.01
开本页数: 26cm  28页
丛书名: 供电企业生产技能人员标准化作业培训教材
单 册:
中图分类: TM7
科图分类:
主题词: 输电线路--shu dian xian lu--避雷器--安装--技术教育--教材
电子资源:
ISBN: 978-7-5123-3810-4
000 01223nam 2200277 450
001 CAL 010090224891
005 20130217131108.86
010    @a978-7-5123-3810-4@dCNY8.00
010    @dCNY232.00 (全套)
100    @a20130221d2013 em y0chiy0121 ea
101 @achi
102    @aCN@b110000
105    @aak z 000yy
106    @ar
200 @a输电线路停电安装线路型避雷器@Ashu dian xian lu ting dian an zhuang xian lu xing bi lei qi
210    @a北京@c中国电力出版社@d2013.01
215    @a28页@c图@d26cm
225 @a供电企业生产技能人员标准化作业培训教材@Agong dian qi ye sheng chan ji neng ren yuan biao zhun hua zuo ye pei xun jiao cai@i输变电@v36
314    @a书内题: 李功新主编
330    @a本书共分两大部分, 主要从输电线路停电安装线路型避雷器的工作流程、工作质量标准与控制、安全风险分析与预控、管理与记录要求等方面予以详细阐述, 结合实际作业案例进行分析, 并附实际作业案例相关的标准化作业指导书、安全质量控制卡等内容。
410  0 @12001 @a供电企业生产技能人员标准化作业培训教材@i输变电@v36
606 @a输电线路@Ashu dian xian lu@x避雷器@x安装@x技术教育@j教材
690    @aTM7@v5
701  0 @a李功新@Ali gong xin@4主编
801  0 @aCN@bRENTIAN@c20130221
905    @aCKNYKJZYXY@b300503784-5@dTM7@e146@f2
    
    输电线路停电安装线路型避雷器.-北京:中国电力出版社,2013.01
    28页:图;26cm.-(供电企业生产技能人员标准化作业培训教材.输变电;36)
    
    
    ISBN 978-7-5123-3810-4:CNY8.00
    本书共分两大部分, 主要从输电线路停电安装线路型避雷器的工作流程、工作质量标准与控制、安全风险分析与预控、管理与记录要求等方面予以详细阐述, 结合实际作业案例进行分析, 并附实际作业案例相关的标准化作业指导书、安全质量控制卡等内容。
相关链接 在五车中查询图书 在当当中查询图书 在豆瓣中查询图书


正题名:输电线路停电安装线路型避雷器     索取号:TM7/146         预约/预借

序号 登录号 条形码 馆藏地/架位号 状态 备注
1 503784   300503784   流通五库四楼/ [索取号:TM7/146] 在馆    
2 503785   300503785   流通五库四楼/ [索取号:TM7/146] 在馆